[Event "Tarragona-ch"]
[Site "Tarragona"]
[Date "2003.??.??"]
[Round "6"]
[White "Segura Lara, Ramon"]
[Black "Chavarria Fores, Fernando"]
[Result "0-1"]
[WhiteElo "2095"]
[BlackElo "2090"]
[PlyCount "86"]
[EventDate "2003.??.??"]
[EventType "swiss"]
[EventRounds "9"]
[EventCountry "ESP"]
[SourceTitle "EXT 2007"]
[Source "ChessBase"]
[SourceDate "2006.11.23"]
[SourceVersion "1"]
[SourceVersionDate "2006.11.23"]
[SourceQuality "1"]

1. d4 Nf6 2. c4 c5 3. d5 b5 4. cxb5 a6 5. b6 e6 6. Nc3 exd5 7. Nxd5 Nxd5 8. Qxd5 Nc6 9. Nf3 Rb8 10. Ne5 Qf6 11. Nc4 Nb4 12. Qd1 d5 13. a3 dxc4 14. axb4 Rxb6 15. Qc2 Rxb4 16. e4 Qd4 17. Ra4 Bb7 18. Rxb4 cxb4 19. Qa4+ Kd8 20. Qa5+ Kd7 21. Qf5+ Ke8 22. Be2 c3 23. bxc3 Qxc3+ 24. Bd2 Qa1+ 25. Bd1 Qd4 26. Ba4+ Kd8 27. Be3 Qc3+ 28. Ke2 Qc4+ 29. Kf3 Qe6 30. Bb6+ Kc8 31. Rc1+ Kb8 32. Qxe6 fxe6 33. Bb3 Bd6 34. Bxe6 Rf8+ 35. Ke2 Bxe4 36. Rd1 Bc7 37. Bc5 Re8 38. Bf7 Re5 39. Be3 Bxg2 40. Rd4 a5 41. Rg4 Bd5 42. f4 Bxf7 43. fxe5 Bh5 0-1

[Event "Tarragona-ch"]
[Site "Tarragona"]
[Date "2003.??.??"]
[Round "4"]
[White "Segura Lara, Ramon"]
[Black "Guasch Murtra, Josep Maria"]
[Result "1-0"]
[WhiteElo "2095"]
[BlackElo "2175"]
[PlyCount "111"]
[EventDate "2003.??.??"]
[EventType "swiss"]
[EventRounds "9"]
[EventCountry "ESP"]
[SourceTitle "EXT 2007"]
[Source "ChessBase"]
[SourceDate "2006.11.23"]
[SourceVersion "1"]
[SourceVersionDate "2006.11.23"]
[SourceQuality "1"]

1. b4 Nf6 2. Bb2 e6 3. b5 d5 4. Nf3 c5 5. c4 Nbd7 6. a4 d4 7. e3 e5 8. d3 Bd6 9. Be2 Nf8 10. 0-0 Ng6 11. Nbd2 dxe3 12. fxe3 Ng4 13. Ne4 Nxe3 14. Qd2 Nxf1 15. Rxf1 0-0 16. h4 f6 17. g3 Bh3 18. Rf2 Bg4 19. Qe3 Rc8 20. Nfg5 fxg5 21. Rxf8+ Bxf8 22. Bxg4 gxh4 23. Be6+ Kh8 24. Ng5 Rc7 25. Bc1 Qd4 26. Kg2 Qxe3 27. Bxe3 h6 28. Nf7+ Kh7 29. Bd5 hxg3 30. Kxg3 b6 31. Kg4 Re7 32. Nd8 Rd7 33. Nc6 Kh8 34. Be4 Rd6 35. Nxa7 Ne7 36. a5 g6 37. a6 h5+ 38. Kf3 Rd7 39. Nc6 Nxc6 40. Bxc6 Ra7 41. Bg5 Be7 42. Bxe7 Rxe7 43. Bb7 Kg7 44. a7 Re8 45. a8Q Rxa8 46. Bxa8 Kf6 47. Bb7 Ke6 48. Bc8+ Kf6 49. Ke4 g5 50. Kd5 g4 51. Kc6 Kg5 52. Kxb6 h4 53. Kxc5 h3 54. b6 e4 55. b7 h2 56. b8Q 1-0

[Event "Tarragona-ch"]
[Site "Tarragona"]
[Date "2003.??.??"]
[Round "7"]
[White "Trenchs Agulle, Magi"]
[Black "Segura Lara, Ramon"]
[Result "1/2-1/2"]
[WhiteElo "1930"]
[BlackElo "2095"]
[PlyCount "50"]
[EventDate "2003.??.??"]
[EventType "swiss"]
[EventRounds "9"]
[EventCountry "ESP"]
[SourceTitle "EXT 2007"]
[Source "ChessBase"]
[SourceDate "2006.11.23"]
[SourceVersion "1"]
[SourceVersionDate "2006.11.23"]
[SourceQuality "1"]

1. c4 c6 2. Nc3 d5 3. cxd5 cxd5 4. d4 Nf6 5. e3 Bf5 6. Bd3 Bxd3 7. Qxd3 a6 8. Nf3 Nc6 9. a3 e6 10. 0-0 Bd6 11. e4 dxe4 12. Nxe4 Be7 13. Be3 0-0 14. Rfd1 Qd5 15. Nc5 Rfd8 16. Rac1 b5 17. b4 Ne8 18. Qb3 Qf5 19. Nxe6 fxe6 20. Rxc6 Nd6 21. Rc5 Qg6 22. Ne5 Qf6 23. Rc6 Rac8 24. Rdc1 Rxc6 25. Rxc6 Kh8 1/2-1/2